Administración de producción (Registro nro. 1590)

Detalles MARC
000 -LEADER
fixed length control field 01392 a2200217 4500
001 - CONTROL NUMBER
control field 27441
005 - DATE AND TIME OF LATEST TRANSACTION
control field 20260407155549.0
008 - FIXED-LENGTH DATA ELEMENTS--GENERAL INFORMATION
fixed length control field 260407a1972 arg spa d
003 - CONTROL NUMBER IDENTIFIER
control field AR-UNSa-BCEJYS
040 ## - CATALOGING SOURCE
Original cataloging agency AR-UNSa-BCEJYS
Language of cataloging spa
Transcribing agency AR-UNSa-BCEJYS
080 ## - UNIVERSAL DECIMAL CLASSIFICATION NUMBER
Universal Decimal Classification number 658.51
Common auxiliary subdivision Organización de la producción
020 ## - INTERNATIONAL STANDARD BOOK NUMBER
International Standard Book Number 0-13-005108-X
100 1# - MAIN ENTRY--PERSONAL NAME
Personal name Starr, Martín K.
245 10 - TITLE STATEMENT
Title Administración de producción
Name of part/section of a work sistemas y síntesis
264 #1 - PRODUCTION, PUBLICATION, DISTRIBUTION, MANUFACTURE, AND COPYRIGHT NOTICE
Place of production, publication, distribution, manufacture New Jersey :
Name of producer, publisher, distributor, manufacturer Prentice/Hall Internacional
Date of production, publication, distribution, manufacture, or copyright notice 1972
300 ## - PHYSICAL DESCRIPTION
Extent 540 p.
Dimensions 24 cm.
505 ## - FORMATTED CONTENTS NOTE
Formatted contents note Parte I: Modelos del sistema de producción: 1. El concepto de sistemas - 2. Modelos del sistema - 3. Modelos de decisión - 4. Modelos de planeación de proyectos - 5. Modelos de control: pronóstico y retroalimentación - Parte II: Administración de entrada - Salida: 6. Administración de la infromación - 7. Administración del producto - 8. Administración del proceso - 9. Administración de materiales - 10. Administración de la calidad - 11. Administración de instalaciones: planta y equipo - 12. Administración de mano de obra - Parte III: Sintesis de sistemas: 13. Breve historia de la administración de producción - 14. El contexto financiero de las decisiones en la administración de producción - 15. La interacción mercadeo- producción.
590 ## - LOCAL NOTE (RLIN)
Local note niveau_biblio:m niveau_hierar:0
700 1# - ADDED ENTRY--PERSONAL NAME
Personal name Pardo R., Jaime
942 ## - ADDED ENTRY ELEMENTS (KOHA)
Koha item type
Existencias
Withdrawn status Lost status Damaged status Not for loan Home library Current library Shelving location Date acquired Total checkouts Full call number Barcode Date last seen Price effective from Koha item type
        Biblioteca Prof. Eusebio Cleto del Rey Biblioteca Prof. Eusebio Cleto del Rey   07/04/2026   658.51 S796 L44359 07/04/2026 07/04/2026 Libro
        Biblioteca Prof. Eusebio Cleto del Rey Biblioteca Prof. Eusebio Cleto del Rey   07/04/2026   658.51 S796 L44360 07/04/2026 07/04/2026 Libro
        Biblioteca Prof. Eusebio Cleto del Rey Biblioteca Prof. Eusebio Cleto del Rey   07/04/2026   658.51 S796 L44357 07/04/2026 07/04/2026 Libro
        Biblioteca Prof. Eusebio Cleto del Rey Biblioteca Prof. Eusebio Cleto del Rey   07/04/2026   658.51 S796 L44361 07/04/2026 07/04/2026 Libro